00302nam a22000737a 4500008004100000082001700041245016200058300000800220230605b xxu||||| |||| 00| 0 eng d a328.466bKNA aKenya National Assembly Parliamentary Service CommissionbDEVOLVED FUNDING IN KENYAcstudy by parliamentary budget office and researcg department march, 2010 a68p